[Event "DEM U18w 2024"]
[Site "Willingen GER"]
[Date "2024.05.23"]
[Round "7"]
[White "Hubert, Charlotte"]
[Black "Frowein, Jamie"]
[Result "1-0"]
[Termination "normal"]
[Board "4"]
[WhiteElo "1893"]
[BlackElo "1719"]
[WhiteClock "00:04:12"]
[BlackClock "00:00:40"]
[PlyCount "77"]
[WhiteFideId "16265920"]
[BlackFideId "16282949"]
[EventCountry "GER"]
[EventRounds "9"]
[EventType "swiss"]
[EventDate "2024.05.18"]

1. e4 {[%clk 01:30:57]} {[%emt 00:00:04]} c5 {[%clk 01:30:52]} {[%emt
00:00:08]} 2. Nf3 {[%clk 01:31:20]} {[%emt 00:00:06]} d6 {[%clk 01:31:16]}
{[%emt 00:00:06]} 3. d4 {[%clk 01:31:46]} {[%emt 00:00:05]} cxd4 {[%clk
01:31:42]} {[%emt 00:00:04]} 4. Nxd4 {[%clk 01:32:10]} {[%emt 00:00:06]} Nf6
{[%clk 01:32:08]} {[%emt 00:00:04]} 5. Nc3 {[%clk 01:32:29]} {[%emt 00:00:11]}
g6 {[%clk 01:32:35]} {[%emt 00:00:04]} 6. Be3 {[%clk 01:32:50]} {[%emt
00:00:08]} Bg7 {[%clk 01:33:01]} {[%emt 00:00:04]} 7. f3 {[%clk 01:33:11]}
{[%emt 00:00:09]} a6 {[%clk 01:33:25]} {[%emt 00:00:06]} 8. Qd2 {[%clk
01:32:53]} {[%emt 00:00:47]} Nbd7 {[%clk 01:33:51]} {[%emt 00:00:06]} 9. O-O-O
{[%clk 01:31:23]} {[%emt 00:01:58]} b5 {[%clk 01:33:47]} {[%emt 00:00:36]} 10.
Kb1 {[%clk 01:16:15]} {[%emt 00:15:38]} Bb7 {[%clk 01:33:37]} {[%emt 00:00:39]}
11. a3 {[%clk 01:12:25]} {[%emt 00:04:21]} Rc8 {[%clk 01:33:01]} {[%emt
00:01:05]} 12. g4 {[%clk 01:09:36]} {[%emt 00:03:18]} Nb6 {[%clk 01:08:26]}
{[%emt 00:25:07]} 13. h4 {[%clk 01:04:41]} {[%emt 00:05:24]} h5 {[%clk
01:08:37]} {[%emt 00:00:19]} 14. gxh5 {[%clk 00:55:03]} {[%emt 00:10:07]} Nxh5
{[%clk 01:08:54]} {[%emt 00:00:13]} 15. Rg1 {[%clk 00:54:34]} {[%emt 00:00:58]}
Nc4 {[%clk 00:51:35]} {[%emt 00:17:50]} 16. Bxc4 {[%clk 00:54:04]} {[%emt
00:01:01]} Rxc4 {[%clk 00:51:52]} {[%emt 00:00:13]} 17. f4 {[%clk 00:46:21]}
{[%emt 00:08:13]} e5 {[%clk 00:48:01]} {[%emt 00:04:21]} 18. Ndxb5 {[%clk
00:43:28]} {[%emt 00:03:23]} axb5 {[%clk 00:43:48]} {[%emt 00:04:43]} 19. Nxb5
{[%clk 00:43:44]} {[%emt 00:00:15]} d5 {[%clk 00:41:35]} {[%emt 00:02:42]} 20.
fxe5 {[%clk 00:39:45]} {[%emt 00:04:28]} Bxe5 {[%clk 00:40:42]} {[%emt
00:01:23]} 21. exd5 {[%clk 00:38:01]} {[%emt 00:02:14]} Ba6 {[%clk 00:35:37]}
{[%emt 00:05:36]} 22. Rg5 {[%clk 00:34:09]} {[%emt 00:04:21]} Bf4 {[%clk
00:25:30]} {[%emt 00:10:37]} 23. d6 {[%clk 00:22:24]} {[%emt 00:12:16]} Bxb5
{[%clk 00:20:54]} {[%emt 00:05:06]} 24. Rxb5 {[%clk 00:22:12]} {[%emt
00:00:42]} Bxd6 {[%clk 00:19:35]} {[%emt 00:01:49]} 25. Bb6 {[%clk 00:12:32]}
{[%emt 00:10:10]} Qd7 {[%clk 00:12:22]} {[%emt 00:07:43]} 26. Rd5 {[%clk
00:10:32]} {[%emt 00:02:30]} O-O {[%clk 00:08:37]} {[%emt 00:04:14]} 27. Rxh5
{[%clk 00:07:59]} {[%emt 00:03:03]} Qg4 {[%clk 00:05:06]} {[%emt 00:04:01]} 28.
Rg5 {[%clk 00:06:11]} {[%emt 00:02:14]} Qxh4 {[%clk 00:04:43]} {[%emt
00:00:57]} 29. Qd5 {[%clk 00:05:39]} {[%emt 00:01:02]} Kg7 {[%clk 00:03:30]}
{[%emt 00:01:44]} 30. Bd4+ {[%clk 00:04:44]} {[%emt 00:01:23]} f6 {[%clk
00:02:07]} {[%emt 00:01:55]} 31. Rxg6+ {[%clk 00:04:47]} {[%emt 00:00:26]} Kxg6
{[%clk 00:02:19]} {[%emt 00:00:18]} 32. Rg1+ {[%clk 00:04:40]} {[%emt
00:00:37]} Bg3 {[%clk 00:01:45]} {[%emt 00:01:04]} 33. Qxc4 {[%clk 00:04:36]}
{[%emt 00:00:35]} Kh7 {[%clk 00:00:55]} {[%emt 00:01:20]} 34. Qd3+ {[%clk
00:04:54]} {[%emt 00:00:11]} f5 {[%clk 00:01:06]} {[%emt 00:00:20]} 35. Qxg3
{[%clk 00:03:39]} {[%emt 00:01:44]} Qxg3 {[%clk 00:01:30]} {[%emt 00:00:06]}
36. Rxg3 {[%clk 00:04:04]} {[%emt 00:00:05]} f4 {[%clk 00:01:08]} {[%emt
00:00:52]} 37. Rf3 {[%clk 00:04:11]} {[%emt 00:00:21]} Kg6 {[%clk 00:01:32]}
{[%emt 00:00:08]} 38. Be3 {[%clk 00:03:59]} {[%emt 00:00:42]} Rd8 {[%clk
00:00:40]} {[%emt 00:01:22]} 39. Rxf4 {[%clk 00:04:12]} {[%emt 00:00:16]} 1-0

[Event "DEM U18w 2024"]
[Site "Willingen GER"]
[Date "2024.05.23"]
[Round "7"]
[White "Stelter, Finja"]
[Black "Pohle, Saskia"]
[Result "1-0"]
[Termination "normal"]
[Board "5"]
[WhiteElo "1637"]
[BlackElo "1901"]
[WhiteClock "00:07:52"]
[BlackClock "00:07:47"]
[PlyCount "97"]
[WhiteFideId "16298624"]
[BlackFideId "16201604"]
[EventCountry "GER"]
[EventRounds "9"]
[EventType "swiss"]
[EventDate "2024.05.18"]

1. e4 {[%clk 01:30:59]} e5 {[%clk 01:30:54]} {[%emt 00:00:07]} 2. Nf3 {[%clk
01:31:21]} {[%emt 00:00:07]} Nc6 {[%clk 01:30:48]} {[%emt 00:00:37]} 3. Nc3
{[%clk 01:31:36]} {[%emt 00:00:14]} Nf6 {[%clk 01:30:23]} {[%emt 00:00:55]} 4.
d4 {[%clk 01:31:57]} {[%emt 00:00:09]} exd4 {[%clk 01:29:53]} {[%emt 00:01:00]}
5. Nxd4 {[%clk 01:31:46]} {[%emt 00:00:42]} Bb4 {[%clk 01:29:43]} {[%emt
00:00:40]} 6. Nxc6 {[%clk 01:31:22]} {[%emt 00:00:54]} bxc6 {[%clk 01:29:54]}
{[%emt 00:00:18]} 7. Bd3 {[%clk 01:31:27]} {[%emt 00:00:26]} d5 {[%clk
01:29:22]} {[%emt 00:01:02]} 8. Bd2 {[%clk 01:31:25]} {[%emt 00:00:31]} O-O
{[%clk 01:27:03]} {[%emt 00:02:49]} 9. O-O {[%clk 01:28:41]} {[%emt 00:03:13]}
Re8 {[%clk 01:17:32]} {[%emt 00:10:02]} 10. Nxd5 {[%clk 01:25:31]} {[%emt
00:03:40]} cxd5 {[%clk 01:16:39]} {[%emt 00:01:24]} 11. Bxb4 {[%clk 01:25:20]}
{[%emt 00:00:40]} Nxe4 {[%clk 01:14:37]} {[%emt 00:02:32]} 12. Re1 {[%clk
01:21:12]} {[%emt 00:04:37]} Qf6 {[%clk 01:00:02]} {[%emt 00:15:06]} 13. Bxe4
{[%clk 01:17:00]} {[%emt 00:04:42]} dxe4 {[%clk 01:00:17]} {[%emt 00:00:15]}
14. Bc3 {[%clk 01:15:34]} {[%emt 00:01:56]} Qg6 {[%clk 00:59:33]} {[%emt
00:01:15]} 15. Re3 {[%clk 01:12:50]} {[%emt 00:03:13]} Bg4 {[%clk 00:57:00]}
{[%emt 00:03:03]} 16. Qd4 {[%clk 01:08:45]} {[%emt 00:04:34]} Bf3 {[%clk
00:54:33]} {[%emt 00:02:58]} 17. Qxg7+ {[%clk 01:03:30]} {[%emt 00:05:45]} Qxg7
{[%clk 00:54:21]} {[%emt 00:00:42]} 18. Bxg7 {[%clk 01:03:52]} {[%emt
00:00:09]} Bxg2 {[%clk 00:42:11]} {[%emt 00:12:39]} 19. Kxg2 {[%clk 01:01:24]}
{[%emt 00:02:58]} Kxg7 {[%clk 00:39:07]} {[%emt 00:03:34]} 20. Rae1 {[%clk
00:55:57]} {[%emt 00:05:56]} f5 {[%clk 00:37:20]} {[%emt 00:02:18]} 21. f3
{[%clk 00:55:04]} {[%emt 00:01:23]} Rad8 {[%clk 00:27:45]} {[%emt 00:10:05]}
22. Kf2 {[%clk 00:51:14]} {[%emt 00:04:19]} Rd4 {[%clk 00:24:04]} {[%emt
00:04:11]} 23. fxe4 {[%clk 00:44:20]} {[%emt 00:07:25]} fxe4 {[%clk 00:23:46]}
{[%emt 00:00:48]} 24. Ra3 {[%clk 00:38:57]} {[%emt 00:05:53]} Rc4 {[%clk
00:18:04]} {[%emt 00:06:13]} 25. c3 {[%clk 00:36:24]} {[%emt 00:03:02]} Rb8
{[%clk 00:14:19]} {[%emt 00:04:15]} 26. Re2 {[%clk 00:34:45]} {[%emt 00:02:10]}
Rb7 {[%clk 00:14:34]} {[%emt 00:00:14]} 27. Ke3 {[%clk 00:33:01]} {[%emt
00:02:13]} c6 {[%clk 00:14:07]} {[%emt 00:00:58]} 28. Ra5 {[%clk 00:27:23]}
{[%emt 00:06:08]} Kg6 {[%clk 00:09:03]} {[%emt 00:05:34]} 29. Re5 {[%clk
00:25:13]} {[%emt 00:02:40]} Kf6 {[%clk 00:06:45]} {[%emt 00:02:48]} 30. Rxe4
{[%clk 00:22:00]} {[%emt 00:03:42]} Rxe4+ {[%clk 00:05:47]} {[%emt 00:01:29]}
31. Kxe4 {[%clk 00:22:28]} {[%emt 00:00:02]} Ke6 {[%clk 00:05:56]} {[%emt
00:00:21]} 32. Kd4+ {[%clk 00:20:52]} {[%emt 00:02:06]} Kd6 {[%clk 00:06:20]}
{[%emt 00:00:06]} 33. b3 {[%clk 00:20:48]} {[%emt 00:00:34]} Rg7 {[%clk
00:06:11]} {[%emt 00:00:39]} 34. a4 {[%clk 00:18:34]} {[%emt 00:02:44]} Rg5
{[%clk 00:05:48]} {[%emt 00:00:52]} 35. Rd2 {[%clk 00:14:23]} {[%emt 00:04:42]}
Rg4+ {[%clk 00:04:20]} {[%emt 00:01:58]} 36. Ke3+ {[%clk 00:13:46]} {[%emt
00:01:06]} Kc7 {[%clk 00:04:16]} {[%emt 00:00:35]} 37. Rd4 {[%clk 00:12:01]}
{[%emt 00:02:15]} Rg5 {[%clk 00:04:13]} {[%emt 00:00:33]} 38. b4 {[%clk
00:10:01]} {[%emt 00:02:30]} Rh5 {[%clk 00:02:40]} {[%emt 00:02:03]} 39. h4
{[%clk 00:09:54]} {[%emt 00:00:37]} a5 {[%clk 00:02:54]} {[%emt 00:00:16]} 40.
Rf4 {[%clk 00:06:16]} {[%emt 00:04:07]} Kb6 {[%clk 00:02:37]} {[%emt 00:00:49]}
41. Kf3 {[%clk 00:00:54]} {[%emt 00:05:52]} axb4 {[%clk 00:24:20]} {[%emt
00:08:47]} 42. cxb4 {[%clk 00:30:20]} {[%emt 00:01:02]} Rd5 {[%clk 00:24:25]}
{[%emt 00:00:26]} 43. Kg4 {[%clk 00:25:30]} {[%emt 00:05:19]} Re5 {[%clk
00:16:21]} {[%emt 00:08:32]} 44. Rf7 {[%clk 00:17:48]} {[%emt 00:08:13]} Re4+
{[%clk 00:15:30]} {[%emt 00:01:22]} 45. Rf4 {[%clk 00:17:55]} {[%emt 00:00:24]}
Re5 {[%clk 00:15:52]} {[%emt 00:00:08]} 46. h5 {[%clk 00:12:36]} {[%emt
00:05:49]} h6 {[%clk 00:14:59]} {[%emt 00:01:23]} 47. a5+ {[%clk 00:08:46]}
{[%emt 00:04:21]} Ka6 {[%clk 00:10:54]} {[%emt 00:04:34]} 48. Rf6 {[%clk
00:07:52]} {[%emt 00:01:24]} Kb5 {[%clk 00:07:47]} {[%emt 00:03:37]} 49. Rf5
{[%clk 00:07:52]} {[%emt 00:00:29]} 1-0

[Event "DEM U18w 2024"]
[Site "Willingen GER"]
[Date "2024.05.23"]
[Round "7"]
[White "Wagner, Margarethe"]
[Black "Racky, Selina"]
[Result "1/2-1/2"]
[Termination "normal"]
[Board "6"]
[WhiteElo "2009"]
[BlackElo "1711"]
[WhiteClock "00:07:43"]
[BlackClock "00:27:17"]
[PlyCount "86"]
[WhiteFideId "16236947"]
[BlackFideId "16239440"]
[EventCountry "GER"]
[EventRounds "9"]
[EventType "swiss"]
[EventDate "2024.05.18"]

1. e4 {[%clk 01:30:59]} e5 {[%clk 01:30:56]} {[%emt 00:00:05]} 2. Nf3 {[%clk
01:31:22]} {[%emt 00:00:06]} Nc6 {[%clk 01:31:23]} {[%emt 00:00:04]} 3. Bb5
{[%clk 01:31:45]} {[%emt 00:00:07]} a6 {[%clk 01:31:47]} {[%emt 00:00:06]} 4.
Ba4 {[%clk 01:32:08]} {[%emt 00:00:06]} Nf6 {[%clk 01:32:00]} {[%emt 00:00:17]}
5. O-O {[%clk 01:32:27]} {[%emt 00:00:11]} b5 {[%clk 01:31:21]} {[%emt
00:01:10]} 6. Bb3 {[%clk 01:32:50]} {[%emt 00:00:06]} Bc5 {[%clk 01:30:51]}
{[%emt 00:01:00]} 7. d3 {[%clk 01:31:44]} {[%emt 00:01:36]} d6 {[%clk
01:27:57]} {[%emt 00:03:25]} 8. c3 {[%clk 01:27:15]} {[%emt 00:04:58]} Ba7
{[%clk 01:21:44]} {[%emt 00:11:31]} 9. h3 {[%clk 01:16:54]} h6 {[%clk
01:21:44]} {[%emt 00:06:34]} 10. d4 {[%clk 01:14:31]} {[%emt 00:02:53]} O-O
{[%clk 01:19:36]} {[%emt 00:02:37]} 11. Re1 {[%clk 01:07:42]} {[%emt 00:07:19]}
Bb7 {[%clk 01:12:35]} {[%emt 00:07:32]} 12. d5 {[%clk 00:55:57]} {[%emt
00:12:15]} Ne7 {[%clk 01:12:22]} {[%emt 00:00:43]} 13. c4 {[%clk 00:45:21]}
{[%emt 00:11:05]} b4 {[%clk 01:09:49]} {[%emt 00:03:04]} 14. Bc2 {[%clk
00:42:04]} {[%emt 00:03:47]} Ng6 {[%clk 01:08:12]} {[%emt 00:02:06]} 15. Be3
{[%clk 00:36:16]} {[%emt 00:06:18]} Bb6 {[%clk 01:05:54]} {[%emt 00:02:50]} 16.
Nbd2 {[%clk 00:35:09]} {[%emt 00:01:36]} Nf4 {[%clk 01:02:23]} {[%emt
00:04:00]} 17. Nf1 {[%clk 00:31:01]} {[%emt 00:04:39]} N6h5 {[%clk 00:57:34]}
{[%emt 00:05:18]} 18. Bxb6 {[%clk 00:29:37]} {[%emt 00:01:54]} cxb6 {[%clk
00:55:01]} {[%emt 00:03:04]} 19. Ne3 {[%clk 00:21:25]} {[%emt 00:08:43]} Bc8
{[%clk 00:52:03]} {[%emt 00:03:27]} 20. Kh2 {[%clk 00:19:07]} {[%emt 00:02:47]}
Kh7 {[%clk 00:43:57]} {[%emt 00:08:36]} 21. Ng1 {[%clk 00:19:16]} {[%emt
00:00:21]} Nf6 {[%clk 00:35:02]} {[%emt 00:09:26]} 22. g3 {[%clk 00:18:27]}
{[%emt 00:01:20]} Ng6 {[%clk 00:33:57]} {[%emt 00:01:34]} 23. Qd2 {[%clk
00:12:23]} {[%emt 00:06:33]} a5 {[%clk 00:32:40]} {[%emt 00:01:48]} 24. Ng2
{[%clk 00:12:32]} {[%emt 00:00:21]} Nd7 {[%clk 00:25:31]} {[%emt 00:07:39]} 25.
Rad1 {[%clk 00:08:06]} {[%emt 00:04:56]} Nc5 {[%clk 00:22:45]} {[%emt
00:03:16]} 26. f4 {[%clk 00:07:46]} {[%emt 00:00:51]} f5 {[%clk 00:20:10]}
{[%emt 00:03:05]} 27. exf5 {[%clk 00:06:33]} {[%emt 00:01:42]} Bxf5 {[%clk
00:20:10]} {[%emt 00:00:30]} 28. fxe5 {[%clk 00:06:26]} {[%emt 00:00:37]} Nxe5
{[%clk 00:19:07]} {[%emt 00:01:33]} 29. Rf1 {[%clk 00:05:39]} {[%emt 00:01:17]}
Bxc2 {[%clk 00:16:54]} {[%emt 00:02:43]} 30. Qxc2+ {[%clk 00:06:03]} {[%emt
00:00:05]} Kg8 {[%clk 00:17:06]} {[%emt 00:00:19]} 31. b3 {[%clk 00:05:47]}
{[%emt 00:00:45]} Qg5 {[%clk 00:14:44]} {[%emt 00:02:53]} 32. Rf4 {[%clk
00:04:20]} {[%emt 00:01:57]} Qh5 {[%clk 00:09:12]} {[%emt 00:06:02]} 33. Qe2
{[%clk 00:01:42]} {[%emt 00:03:08]} Qg5 {[%clk 00:05:38]} {[%emt 00:04:03]} 34.
Rdf1 {[%clk 00:01:32]} {[%emt 00:00:41]} Rfe8 {[%clk 00:04:48]} {[%emt
00:01:20]} 35. Qd1 {[%clk 00:01:15]} {[%emt 00:00:47]} Qg6 {[%clk 00:04:03]}
{[%emt 00:01:15]} 36. Nh4 {[%clk 00:01:07]} {[%emt 00:00:37]} Qg5 {[%clk
00:03:34]} {[%emt 00:00:59]} 37. Nf5 {[%clk 00:00:52]} {[%emt 00:00:46]} Rad8
{[%clk 00:02:17]} {[%emt 00:01:47]} 38. h4 {[%clk 00:00:54]} {[%emt 00:00:28]}
Qg6 {[%clk 00:02:06]} {[%emt 00:00:41]} 39. Nh3 {[%clk 00:01:05]} {[%emt
00:00:19]} Ncd3 {[%clk 00:01:00]} {[%emt 00:01:36]} 40. h5 {[%clk 00:01:09]}
{[%emt 00:00:25]} Qf6 {[%clk 00:01:05]} {[%emt 00:00:25]} 41. Rd4 {[%clk
00:27:09]} {[%emt 00:04:30]} Nc5 {[%clk 00:30:26]} {[%emt 00:01:10]} 42. Nh4
{[%clk 00:15:30]} {[%emt 00:12:39]} Qe7 {[%clk 00:29:47]} {[%emt 00:01:39]} 43.
Nf5 {[%clk 00:07:43]} {[%emt 00:08:16]} Qd7 {[%clk 00:27:17]} {[%emt 00:03:01]}
1/2-1/2

[Event "DEM U18w 2024"]
[Site "Willingen GER"]
[Date "2024.05.23"]
[Round "7"]
[White "Kanno, Clara Yumi"]
[Black "Nguyen, Jenny Ha-Linh"]
[Result "0-1"]
[Termination "normal"]
[Board "7"]
[WhiteElo "1736"]
[BlackElo "1787"]
[WhiteClock "00:41:28"]
[BlackClock "00:22:27"]
[PlyCount "94"]
[WhiteFideId "16259661"]
[BlackFideId "16209729"]
[EventCountry "GER"]
[EventRounds "9"]
[EventType "swiss"]
[EventDate "2024.05.18"]

1. d4 {[%clk 01:30:49]} {[%emt 00:00:11]} Nf6 {[%clk 01:30:53]} {[%emt
00:00:08]} 2. Bf4 {[%clk 01:31:00]} {[%emt 00:00:19]} g6 {[%clk 01:31:05]}
{[%emt 00:00:17]} 3. Nc3 {[%clk 01:30:40]} {[%emt 00:00:50]} c5 {[%clk
01:30:52]} {[%emt 00:00:44]} 4. d5 {[%clk 01:30:24]} {[%emt 00:00:46]} d6
{[%clk 01:30:42]} {[%emt 00:00:39]} 5. e4 {[%clk 01:29:56]} {[%emt 00:00:58]}
Bg7 {[%clk 01:30:06]} {[%emt 00:01:06]} 6. Nf3 {[%clk 01:29:22]} {[%emt
00:01:03]} Qa5 {[%clk 01:27:57]} {[%emt 00:02:39]} 7. Qd2 {[%clk 01:27:59]}
{[%emt 00:01:53]} a6 {[%clk 01:26:55]} {[%emt 00:01:33]} 8. Be2 {[%clk
01:20:30]} {[%emt 00:07:59]} b5 {[%clk 01:23:55]} {[%emt 00:03:31]} 9. e5
{[%clk 01:16:06]} {[%emt 00:04:53]} dxe5 {[%clk 01:21:07]} {[%emt 00:03:17]}
10. Bxe5 {[%clk 01:14:25]} {[%emt 00:02:11]} O-O {[%clk 01:17:57]} {[%emt
00:03:40]} 11. O-O {[%clk 01:12:54]} {[%emt 00:02:01]} Nbd7 {[%clk 01:16:12]}
{[%emt 00:02:16]} 12. d6 {[%clk 01:07:35]} {[%emt 00:05:49]} exd6 {[%clk
01:05:36]} {[%emt 00:11:05]} 13. Qxd6 {[%clk 01:05:14]} {[%emt 00:02:51]} Nxe5
{[%clk 01:00:04]} {[%emt 00:06:02]} 14. Nxe5 {[%clk 01:03:07]} {[%emt
00:02:38]} Bb7 {[%clk 00:53:42]} {[%emt 00:06:52]} 15. Qxc5 {[%clk 00:56:02]}
{[%emt 00:07:35]} Rac8 {[%clk 00:49:49]} {[%emt 00:04:23]} 16. Qe3 {[%clk
00:38:14]} {[%emt 00:18:17]} Rfe8 {[%clk 00:40:58]} {[%emt 00:09:21]} 17. Qf4
{[%clk 00:32:43]} {[%emt 00:05:57]} b4 {[%clk 00:40:42]} {[%emt 00:00:51]} 18.
Nd1 {[%clk 00:29:50]} {[%emt 00:03:23]} Qxe5 {[%clk 00:38:58]} {[%emt
00:02:14]} 19. Qxe5 {[%clk 00:29:13]} {[%emt 00:01:07]} Rxe5 {[%clk 00:39:23]}
{[%emt 00:00:04]} 20. Ne3 {[%clk 00:29:34]} {[%emt 00:00:10]} Bh6 {[%clk
00:36:50]} {[%emt 00:03:03]} 21. Bd3 {[%clk 00:27:03]} {[%emt 00:03:01]} Bxe3
{[%clk 00:33:58]} {[%emt 00:03:22]} 22. fxe3 {[%clk 00:27:24]} {[%emt
00:00:09]} Ng4 {[%clk 00:34:15]} {[%emt 00:00:13]} 23. Rf4 {[%clk 00:26:41]}
{[%emt 00:01:13]} Nxe3 {[%clk 00:33:17]} {[%emt 00:01:27]} 24. Rxb4 {[%clk
00:25:39]} {[%emt 00:01:33]} Bxg2 {[%clk 00:27:22]} {[%emt 00:06:24]} 25. Re1
{[%clk 00:24:47]} {[%emt 00:01:22]} Bh3 {[%clk 00:25:00]} {[%emt 00:02:52]} 26.
Bxa6 {[%clk 00:22:30]} {[%emt 00:02:47]} Rc6 {[%clk 00:14:15]} {[%emt
00:11:15]} 27. Bb7 {[%clk 00:22:01]} {[%emt 00:00:59]} Rf6 {[%clk 00:12:06]}
{[%emt 00:02:40]} 28. Rb3 {[%clk 00:20:17]} {[%emt 00:02:14]} Rg5+ {[%clk
00:11:55]} {[%emt 00:00:41]} 29. Kh1 {[%clk 00:20:26]} {[%emt 00:00:21]} Ng4
{[%clk 00:11:13]} {[%emt 00:01:11]} 30. Rg3 {[%clk 00:18:14]} {[%emt 00:02:43]}
Nf2+ {[%clk 00:06:13]} {[%emt 00:05:29]} 31. Kg1 {[%clk 00:18:09]} {[%emt
00:00:35]} Rxg3+ {[%clk 00:05:26]} {[%emt 00:01:18]} 32. hxg3 {[%clk 00:18:34]}
{[%emt 00:00:04]} Rb6 {[%clk 00:02:31]} {[%emt 00:03:25]} 33. Bd5 {[%clk
00:16:00]} {[%emt 00:03:05]} Ng4 {[%clk 00:02:10]} {[%emt 00:00:50]} 34. b3
{[%clk 00:14:10]} {[%emt 00:02:20]} Rd6 {[%clk 00:01:42]} {[%emt 00:00:59]} 35.
Bc4 {[%clk 00:11:43]} {[%emt 00:02:57]} Rd2 {[%clk 00:01:48]} {[%emt 00:00:23]}
36. Bf1 {[%clk 00:10:57]} {[%emt 00:01:17]} Bxf1 {[%clk 00:01:24]} {[%emt
00:00:54]} 37. Kxf1 {[%clk 00:11:02]} {[%emt 00:00:25]} Rf2+ {[%clk 00:01:49]}
{[%emt 00:00:05]} 38. Kg1 {[%clk 00:11:24]} {[%emt 00:00:08]} Rxc2 {[%clk
00:02:14]} {[%emt 00:00:04]} 39. Re4 {[%clk 00:11:42]} {[%emt 00:00:11]} h5
{[%clk 00:01:19]} {[%emt 00:01:27]} 40. a4 {[%clk 00:11:53]} {[%emt 00:00:19]}
Rc3 {[%clk 00:00:37]} {[%emt 00:01:12]} 41. b4 {[%clk 00:11:01]} {[%emt
00:01:21]} Rxg3+ {[%clk 00:00:49]} {[%emt 00:00:18]} 42. Kf1 {[%clk 00:11:25]}
{[%emt 00:00:04]} Rb3 {[%clk 00:28:17]} {[%emt 00:03:05]} 43. a5 {[%clk
00:41:10]} {[%emt 00:00:44]} Ne3+ {[%clk 00:27:22]} {[%emt 00:01:25]} 44. Ke2
{[%clk 00:41:12]} {[%emt 00:00:28]} Nd5 {[%clk 00:27:14]} {[%emt 00:00:38]} 45.
Re8+ {[%clk 00:41:25]} {[%emt 00:00:18]} Kg7 {[%clk 00:27:38]} {[%emt
00:00:06]} 46. a6 {[%clk 00:41:38]} {[%emt 00:00:16]} Nc7 {[%clk 00:22:20]}
{[%emt 00:05:48]} 47. a7 {[%clk 00:41:28]} {[%emt 00:00:41]} Ra3 {[%clk
00:22:27]} {[%emt 00:00:23]} 0-1

[Event "DEM U18w 2024"]
[Site "Willingen GER"]
[Date "2024.05.23"]
[Round "7"]
[White "von Beckh, Frieda"]
[Black "Modali, Nikhilamrutha"]
[Result "1-0"]
[Termination "normal"]
[Board "8"]
[WhiteElo "1764"]
[BlackElo "1608"]
[WhiteClock "00:33:28"]
[BlackClock "00:14:15"]
[PlyCount "57"]
[WhiteFideId "16233751"]
[BlackFideId "16282370"]
[EventCountry "GER"]
[EventRounds "9"]
[EventType "swiss"]
[EventDate "2024.05.18"]

1. e4 {[%clk 01:30:57]} {[%emt 00:00:03]} c5 {[%clk 01:30:57]} {[%emt
00:00:04]} 2. Nc3 {[%clk 01:31:22]} {[%emt 00:00:05]} e6 {[%clk 01:31:23]}
{[%emt 00:00:03]} 3. f4 {[%clk 01:31:48]} {[%emt 00:00:04]} d5 {[%clk
01:31:07]} {[%emt 00:00:46]} 4. Bb5+ {[%clk 01:31:11]} {[%emt 00:01:07]} Bd7
{[%clk 01:31:25]} {[%emt 00:00:12]} 5. Bxd7+ {[%clk 01:31:18]} {[%emt
00:00:23]} Qxd7 {[%clk 01:31:51]} {[%emt 00:00:05]} 6. Nf3 {[%clk 01:31:15]}
{[%emt 00:00:32]} Nc6 {[%clk 01:28:54]} {[%emt 00:03:28]} 7. O-O {[%clk
01:30:45]} {[%emt 00:00:59]} Nf6 {[%clk 01:25:40]} {[%emt 00:03:45]} 8. d3
{[%clk 01:26:53]} {[%emt 00:04:21]} Be7 {[%clk 01:18:31]} {[%emt 00:07:39]} 9.
f5 {[%clk 01:19:39]} {[%emt 00:07:44]} dxe4 {[%clk 01:08:55]} {[%emt 00:10:07]}
10. fxe6 {[%clk 01:19:26]} {[%emt 00:00:42]} fxe6 {[%clk 01:06:23]} {[%emt
00:03:02]} 11. dxe4 {[%clk 01:12:38]} {[%emt 00:07:18]} Qxd1 {[%clk 00:58:02]}
{[%emt 00:08:52]} 12. Rxd1 {[%clk 01:13:00]} {[%emt 00:00:08]} Rd8 {[%clk
00:54:51]} {[%emt 00:03:41]} 13. Rxd8+ {[%clk 01:10:38]} {[%emt 00:02:51]} Bxd8
{[%clk 00:50:31]} {[%emt 00:04:50]} 14. Be3 {[%clk 01:05:52]} {[%emt 00:05:16]}
b6 {[%clk 00:45:01]} {[%emt 00:06:00]} 15. Rd1 {[%clk 01:03:21]} {[%emt
00:03:00]} Ke7 {[%clk 00:35:13]} {[%emt 00:10:19]} 16. Bf4 {[%clk 00:58:14]}
{[%emt 00:05:37]} Kf8 {[%clk 00:24:43]} {[%emt 00:11:01]} 17. Rd6 {[%clk
00:49:23]} {[%emt 00:09:20]} Bc7 {[%clk 00:21:16]} {[%emt 00:03:57]} 18. Rxc6
{[%clk 00:49:23]} {[%emt 00:00:29]} Bxf4 {[%clk 00:21:41]} {[%emt 00:00:06]}
19. e5 {[%clk 00:48:55]} {[%emt 00:00:58]} Ne8 {[%clk 00:20:14]} {[%emt
00:01:58]} 20. Rxe6 {[%clk 00:48:35]} {[%emt 00:00:49]} Kf7 {[%clk 00:18:21]}
{[%emt 00:02:23]} 21. Rc6 {[%clk 00:48:26]} {[%emt 00:00:38]} Ke7 {[%clk
00:16:35]} {[%emt 00:02:17]} 22. Rc8 {[%clk 00:44:30]} {[%emt 00:04:26]} Kd7
{[%clk 00:15:06]} {[%emt 00:02:00]} 23. Ra8 {[%clk 00:38:17]} {[%emt 00:06:41]}
a5 {[%clk 00:15:30]} {[%emt 00:00:07]} 24. Nd5 {[%clk 00:38:03]} {[%emt
00:00:44]} Bc1 {[%clk 00:15:19]} {[%emt 00:00:41]} 25. Nxb6+ {[%clk 00:37:32]}
{[%emt 00:01:01]} Kc6 {[%clk 00:14:34]} {[%emt 00:01:16]} 26. Nc4 {[%clk
00:37:32]} {[%emt 00:00:29]} Rf8 {[%clk 00:14:13]} {[%emt 00:00:52]} 27. Nxa5+
{[%clk 00:32:55]} {[%emt 00:05:06]} Kb6 {[%clk 00:13:59]} {[%emt 00:00:44]} 28.
Nc4+ {[%clk 00:33:08]} {[%emt 00:00:17]} Kb7 {[%clk 00:14:15]} {[%emt
00:00:14]} 29. Rxe8 {[%clk 00:33:28]} {[%emt 00:00:10]} 1-0